| 000 | 01114cam a2200277 i 4500 | ||
|---|---|---|---|
| 003 | SA-RiAUC | ||
| 005 | 20250910131152.0 | ||
| 008 | 250906q19001999ly g b 00000cara c | ||
| 040 |
_aSA-JeALM _bara _cSA-RiAUC _erda |
||
| 082 | 0 | 4 | _a415.2 |
| 090 |
_a415.2 _bط ن ط |
||
| 100 | 1 |
_aالطنطاوي، محمد. _eمؤلف. |
|
| 245 | 1 | 0 |
_aنشاة النحو وتاريخ أشهر النحاة / _cتأليف محمد الطنطاوي ؛ تعليق عبد العظيم الشناوي، محمد عبد الرحمن الكردي. |
| 264 | 1 | _c1969 | |
| 300 |
_a272 صفحة ؛ _c24 سم |
||
| 336 |
_aنص _btxt _2rdacontent _3كتاب |
||
| 337 |
_aبدون وسيط _bn _2rdamedia |
||
| 338 |
_aمجلد _bnc _2rdacarrier |
||
| 504 | _aببليوجرافية : صفحة 264-266. | ||
| 650 | 7 |
_aاللغة العربية _xنحو _2aucsh |
|
| 650 | 7 |
_aاللغويون العرب _vتراجم _2aucsh |
|
| 700 | 1 |
_aالشناوي، عبد العظيم _eمعلق. |
|
| 700 | 1 |
_aالكردي، محمد عبد الرحمن _eمعلق. |
|
| 942 |
_2ddc _cBOOK _n0 |
||
| 949 |
_aSA-JeALM _d250906 _umohamedma123 _n1 |
||
| 999 |
_c11588 _d11588 |
||